000 00706nam a22002297a 4500
003 SISC
005 20170117090644.0
008 131218b xxu||||| |||| 00| 0 eng d
020 _a9789350840252
050 _aHD 62.5
_b.P297 2013
100 _aPathak, Ravi.
245 _aEntrepreneurship and small scale industries /
_cRavi Pathak.
250 _a1st edition.
260 _aNew Delhi :
_bCentrum Press,
_c2013.
300 _aviii, 304 pages. ;
_c23 cm.
504 _aIncludes Bibliographic References and Index.
650 _aEntrepreneurship
_zIndia.
650 _aSmall business
_zIndia.
650 _aSmall business
_xGovernment policy
_zIndia.
942 _2lcc
_cBK
_kFOR
999 _c25867
_d25867